Pays d'Afrique croissant en lettres - Statistiques

Statistiques générales
  • Ce quiz a été pris 143 fois
  • Le résultat moyen est 9 sur 11
Statistiques - réponses
Lettres Pays % Correct
4 Mali...
98%
5 Maroc...
96%
7 Nigeria...
94%
6 Angola...
87%
8 Cameroun...
85%
10 Madagascar...
80%
11 Sierra Leone...
78%
12 Afrique du sud...
69%
29 République Démocratique du Congo
67%
17 République du Congo...
62%
24 République Centrafricaine
56%
Aucun quiz correspondant
Distribution des résultats
% des personnes avec chaque résultat
Percentile par nombre de réponses
Votre historique - résultats
Vous n’avez pas pris ce quiz